Normal view MARC view
  • United Kingdom

Entry Corporate Name

Number of records used in: 1

001 - CONTROL NUMBER

  • control field: 5328

003 - CONTROL NUMBER IDENTIFIER

  • control field: SIRSI

005 - DATE AND TIME OF LATEST TRANSACTION

  • control field: 20190806150242.0

008 - FIXED-LENGTH DATA ELEMENTS

  • fixed length control field: 070823n| acannaabn |n ana d

040 ## - CATALOGING SOURCE

  • Original cataloging agency: OSt
  • Transcribing agency: OSt

110 1# - HEADING--CORPORATE NAME

  • Corporate name or jurisdiction name as entry element: United Kingdom
  • Subordinate unit: Parliament
  • Subordinate unit: House of Commons
  • Subordinate unit: Environment, Food and Rural Affairs Select Committee

410 ## - SEE FROM TRACING--CORPORATE NAME

  • Corporate name or jurisdiction name as entry element: DEFRA Select Committee

410 ## - SEE FROM TRACING--CORPORATE NAME

  • Corporate name or jurisdiction name as entry element: Environment, Food and Rural Affairs Select Committee

410 ## - SEE FROM TRACING--CORPORATE NAME

  • Corporate name or jurisdiction name as entry element: Parliament
  • Subordinate unit: House of Commons
  • Subordinate unit: Environment, Food and Rural Affairs Select Committee

410 ## - SEE FROM TRACING--CORPORATE NAME

  • Corporate name or jurisdiction name as entry element: House of Commons
  • Subordinate unit: Environment, Food and Rural Affairs Select Committee

410 ## - SEE FROM TRACING--CORPORATE NAME

  • Corporate name or jurisdiction name as entry element: Select Committee on Environment, Food and Rural Affairs

670 ## - SOURCE DATA FOUND

  • Source citation: Environment, Food and Rural Affairs seventh report, 23 July 2007